Welcome to the Holygrace Academy Library

Please use search bar below to get started

PARYADANAM (Record no. 5344)

MARC details
000 -LEADER
fixed length control field 00285nam a22001337a 4500
020 ## - INTERNATIONAL STANDARD BOOK NUMBER
ISBN 978-81-8266-168-4
082 ## - DEWEY DECIMAL CLASSIFICATION NUMBER
Classification number 910
Item number POT/P
100 ## - MAIN ENTRY--AUTHOR NAME
Personal name POTTEKKATT, S.K
245 ## - TITLE STATEMENT
Title PARYADANAM
260 ## - PUBLICATION, DISTRIBUTION, ETC. (IMPRINT)
Place of publication 2014
Name of publisher MATHRUBHUMI BOOKS
Year of publication KOZHIKODE
300 ## - PHYSICAL DESCRIPTION
Number of Pages 175
520 ## - SUMMARY, ETC.
Summary, etc NOVEL
942 ## - ADDED ENTRY ELEMENTS (KOHA)
Koha item type Books
Holdings
Withdrawn status Lost status Collection code Home library Current library Shelving location Date acquired Source of acquisition Cost, normal purchase price Full call number Accession Number Koha item type
    Fiction Main Library Main Library SHELF-16- K- MALAYALAM NOVELS,TRAVALOGUES 18/01/2019 Purchase 135.00 910 POT/P 10529 Books